MARC

LEADER 00000nam0a2200000 4500
001 357028
005 20231102010942.0
035 |a (RuTPU)RU\TPU\retro\14288 
090 |a 357028 
100 |a 20200727d1900 km y0rusy50 ca 
101 0 |a rus 
102 |a RU 
105 |a a z 001zy 
200 1 |a Приморская область  |e 1856 - 1898 г.г.  |e очерк  |f П. О. Унтербергер 
210 |a Санкт-Петербург  |c Типография В. Киршбаума  |d 1900 
215 |a 325 с.  |c ил.  |e Прилож.: 2 л. кар 
300 |a Текст в русской дореформенной орфографии 
320 |9 572  |a Библиогр.: с. IV 
606 1 |a География социально-экономическая  |2 stltpush  |3 (RuTPU)RU\TPU\subj\5936  |9 33918 
610 1 |a Россия 
610 1 |a Приморский край 
610 1 |a образование 
610 1 |a округа 
610 1 |a Хабаровский край 
610 1 |a Уссурийский край 
610 1 |a крестьяне 
610 1 |a переселенцы 
610 1 |a корейцы 
610 1 |a топографические факторы 
610 1 |a землевладение 
610 1 |a промыслы 
610 1 |a торговля 
610 1 |a администрация 
610 1 |a миссионерская деятельность 
610 1 |a Владивосток 
675 |a 911.3  |v 4 
700 1 |a Унтербергер  |b П. О. 
801 1 |a RU  |b 63413507  |c 20200727 
801 2 |a RU  |b 63413507  |c 20200914  |g RCR 
942 |c BK